书目信息 |
| 题名: |
现代美国口语
|
|
| 作者: | 南华美 , 戚云方 编著 | |
| 分册: | ||
| 出版信息: | 上海 上海外语教育出版社 1983.03 |
|
| 页数: | 245页 | |
| 开本: | 16开 | |
| 丛书名: | ||
| 单 册: | ||
| 中图分类: | H319.9 | |
| 科图分类: | ||
| 主题词: | 英语 | |
| 电子资源: | ||
| ISBN: | 7-81009-079-8 | |
| 000 | 00603nam0 2200205 45 | |
| 001 | 0010041642 | |
| 005 | 20001004164421.6 | |
| 010 | @a7-81009-079-8@d15.00元 | |
| 100 | @a20001004d1983 km y0chiy0120 ea | |
| 101 | 0 | @achi |
| 105 | @a z 000yy | |
| 200 | 1 | @a现代美国口语@AXian Dai Mei Guo Kou Yu@f(美)南华美,戚云方编著@F(Mei)Nan Hua Mei,Qi Yun Fang Bian Zhu |
| 210 | @a上海@c上海外语教育出版社@d1983.03 | |
| 215 | @a245页@d16开 | |
| 606 | 0 | @a英语 |
| 690 | @aH319.9@v3 | |
| 701 | 0 | @a南华美@4编著 |
| 701 | 0 | @a戚云方@4编著 |
| 801 | @aCN@bPftUser@c20001004 | |
| 905 | @b165667-671@dH319.9@eQ257/2@f5 | |
| 现代美国口语/(美)南华美,戚云方编著.-上海:上海外语教育出版社,1983.03 |
| 245页;16开 |
| ISBN 7-81009-079-8:15.00元 |
| ● |
| 相关链接 |
|
|
|
正题名:现代美国口语
索取号:H319.9/Q257/2
 
预约/预借
| 序号 | 登录号 | 条形码 | 馆藏地/架位号 | 状态 | 备注 |
| 1 | 165667 | 201656671 | 语言库209/209语言库 106排1列2层/ [索取号:H319.9/Q257/2] | 在馆 | |
| 2 | 165668 | 201656680 | 语言库209/209语言库 106排1列2层/ [索取号:H319.9/Q257/2] | 在馆 | |
| 3 | 165669 | 201656699 | 语言库209/209语言库 106排1列2层/ [索取号:H319.9/Q257/2] | 在馆 | |
| 4 | 165670 | 201656706 | 语言库209/209语言库 106排1列2层/ [索取号:H319.9/Q257/2] | 在馆 | |
| 5 | 165671 | 201656715 | 语言库209/209语言库 106排1列2层/ [索取号:H319.9/Q257/2] | 在馆 |